000 00631nam a2200181 a 4500
005 20241015063720.0
008 991125s1974 mx 000 0 spa u
035 _aUPN01000044820
049 _aCG
050 4 _aLB2003.41 A1
_bM3 1974
100 1 _aCastillo, Isidro,
_d1900-1988
_932145
245 1 0 _aPlan y programa :
_bespecialidad área de matemáticas modernas /
_cIsidro Castillo Pérez.
260 _aMorelia, Mich. :
_bEscuela Normal Superior de Michoacán,
_c1974.
300 _a37 h.
650 4 _aMatemáticas
_xEstudio y enseñanza (Superior)
_99044
650 4 _aMatemáticas
_xPlanes y programas
_912134
905 _aLibro
999 _c44820
_d44820